Zákon Národnej Rady Slovenskej republiky č. 7/1993 Z.z. zo 17. decembra 1992 o zriadení Národnej poisťovne a o financovaní zdravotného poistenia, nemocenského poistenia a dôchodkového poistenia.
Plné znenie Zákona NR SR o zriadení Národnej poisťovne a o financovaní zdravotného poistenia, nemocenského a dôchodkového poistenia zo 17.12.1992. Účel zákona. Orgány poisťovne. Hospodárenie poisťovne. Poplatok za neplnenie oznamovacej povinnosti. Spoločné ustanovenia. Prechodné a záverečné ustanove...
Salvato in:
| Natura: | Capitolo di libro |
|---|---|
| Lingua: | slovacco |
| Soggetti: | |
| Tags: |
Nessun Tag, puoi essere il primo ad aggiungerne!!
|
MARC
| LEADER | 00000naa a2200000 4500 | ||
|---|---|---|---|
| 001 | r012407 | ||
| 005 | 20220826093804.8 | ||
| 041 | 0 | |a slo | |
| 044 | |a SK | ||
| 245 | 1 | 0 | |a Zákon Národnej Rady Slovenskej republiky č. 7/1993 Z.z. zo 17. decembra 1992 o zriadení Národnej poisťovne a o financovaní zdravotného poistenia, nemocenského poistenia a dôchodkového poistenia. |
| 520 | |a Plné znenie Zákona NR SR o zriadení Národnej poisťovne a o financovaní zdravotného poistenia, nemocenského a dôchodkového poistenia zo 17.12.1992. Účel zákona. Orgány poisťovne. Hospodárenie poisťovne. Poplatok za neplnenie oznamovacej povinnosti. Spoločné ustanovenia. Prechodné a záverečné ustanovenia. | ||
| 610 | 2 | 0 | |a Národná poisťovňa Bratislava |
| 610 | 2 | 0 | |a zákony |
| 610 | 2 | 0 | |a Slovensko |
| 610 | 2 | 0 | |a 1992 |
| 610 | 2 | 0 | |a fond poistenia zdravotného |
| 610 | 2 | 0 | |a fond poistenia nemocenského |
| 610 | 2 | 0 | |a fond poistenia dôchodkového |
| 610 | 2 | 0 | |a poisťovne |